Sistema de Información de Recursos Humanos, SIRH /

Concisamente explica el contenido de la propuesta, refiriéndose a los modulos de que consta y a lo que permite cada uno de ellos. REV//jmml

Gardado en:
Detalles Bibliográficos
Autor Principal: Cabrera Chicas, Mario Humberto
Outros autores: Saravia de Domínguez, Martha Edith Rodríguez Alvarez, Carlos Guillermo Ramírez de Galdamuz, Rosa María Caceros, Dalila de
Formato: Texto
Etiquetas: Engadir etiqueta
Sen Etiquetas, Sexa o primeiro en etiquetar este rexistro!

MARC

LEADER 00000 a a2200000 04500
001 14083
003
040
100 |a Cabrera Chicas, Mario Humberto  
245 |a Sistema de Información de Recursos Humanos, SIRH /  |c Mario Humberto Cabrera Chicas 
520 |a Concisamente explica el contenido de la propuesta, refiriéndose a los modulos de que consta y a lo que permite cada uno de ellos. REV//jmml  
700 |a Saravia de Domínguez, Martha Edith   |a Rodríguez Alvarez, Carlos Guillermo   |a Ramírez de Galdamuz, Rosa María   |a Caceros, Dalila de  
773 |g número 30 -31; páginas 325-332  
999 |c 35856  |d 35856